| 000 | 00420 a2200169 4500 | ||
|---|---|---|---|
| 001 | 73431 | ||
| 020 | _a9788578528119 | ||
| 040 | _cAnchieta - Colégio São Paulo | ||
| 100 | _aFilho, Bearzoti Paulo | ||
| 240 | 1 | 0 |
_aLíngua Portuguesa - Produção de textos _lpor |
| 245 | 1 | 0 | _aLíngua Portuguesa - Produção de textos |
| 300 | _a56 | ||
| 362 | 0 | _a2009 | |
| 440 | 1 | _aPositivo | |
| 650 | 4 | _aPortuguês | |
| 942 | _cBK | ||
| 999 |
_c73431 _d73431 |
||